000 00558nam a22001697a 4500
005 20251108171138.0
008 250721s2002 xx 000 0 ara d
082 1 4 _a638.1/كذل
100 1 _aكذلدة، محمد محمد
245 1 0 _aالمرجع الشامل في تربية النحل و الملكات و إنتاج العسل /
264 1 _aالقاهرة :
_bمكتبة القرآن للنشر و التوزيع،
_c2002.
300 _a240ص
650 1 7 _aتربية النحل
650 1 7 _aالعسل
942 _2ddc
_cBK
999 _c57781
_d57781